000 00679nam a22002657a 4500
001 BR9507509
003 BR-BrBNA
005 20230928094720.0
007 ta
008 230509b bl.||||| |||| 00| 0 por d
040 _aBR-BrBNA
_bpor
_cBiblioteca Nacional de Agricultura
041 _a(Por)
072 _aE80
090 _ E80 BR9507509
100 1 _aTakaki, C.T.
110 1 _aFundacao Banco do Brasil, Brasilia, DF (Brasil)
_94779
245 1 _aAlimentacao e saude
250 1 _a9. ed.
260 3 _aBrasilia, DF (Brasil):
_c1994.
300 _a55 p.
650 _aNutricao Humana
650 _aCulinaria
909 _a202309
_bLucia
_c55
_dLucia Elande
942 _cBK
999 _c52234
_d52234